000 00248nam a2200097Ia 4500
001 1250669
005 20251031150900.0
008 251031s9999 xx 000 0 und d
245 0 _cSABAHATTİN ALİ
_aD-5 DEĞİRMEN
260 _bYAPI KREDİ YAYINLARI
999 _c1250669
_d1250669